Novels in Chunks Quiz Stats

Quiz Updated Dec 27, 2012

Challenge
Share
Tweet
Embed
Score 0/100 Timer 12:00
1 Play Today
% Correct
Wuthering Heights
83.7%
Wuthering Heights
83.7%
Wuthering Heights
83.7%
Brave New World
74%
Brave New World
74%
Brave New World
74%
Huxley
71.7%
Brontë
66.4%
Rand
65.7%
Capote
64%
Atlas Shrugged
63.4%
Atlas Shrugged
63.4%
Atlas Shrugged
63.4%
Ulysses
62.8%
Ulysses
62.8%
Ulysses
62.8%
Vonnegut
61.9%
Song of Solomon
59.9%
Song of Solomon
59.9%
Song of Solomon
59.9%
Lawrence
59.7%
Invisible Man
56.1%
Invisible Man
56.1%
Invisible Man
56.1%
Joyce
51.7%
Morrison
51.2%
Austen
51.2%
Sons and Lovers
50.5%
Sons and Lovers
50.5%
Sons and Lovers
50.5%
King
50.4%
In Cold Blood
50.4%
In Cold Blood
50.4%
In Cold Blood
50.4%
% Correct
Animal Farm
49.8%
Animal Farm
49.8%
Animal Farm
49.8%
Sister Carrie
48.6%
Sister Carrie
48.6%
Sister Carrie
48.6%
Northanger Abbey
46.5%
Northanger Abbey
46.5%
Northanger Abbey
46.5%
Orwell
46.1%
Foucault's Pendulum
44.1%
Foucault's Pendulum
44.1%
Foucault's Pendulum
44.1%
Accordion Crimes
43.8%
Accordion Crimes
43.8%
Accordion Crimes
43.8%
Lolita
40.2%
Lolita
40.2%
Lolita
40.2%
Wharton
37.7%
Nabokov
35.5%
Billy Bathgate
32.9%
Billy Bathgate
32.9%
Billy Bathgate
32.9%
Eco
32.7%
Native Son
28.4%
Native Son
28.4%
Native Son
28.4%
I, Claudius
28.3%
I, Claudius
28.3%
I, Claudius
28.3%
Ethan Frome
27.8%
Ethan Frome
27.8%
Ethan Frome
27.8%
% Correct
A Time to Kill
27.6%
A Time to Kill
27.6%
A Time to Kill
27.6%
Atwood
26.6%
Alias Grace
26.6%
Alias Grace
26.6%
Alias Grace
26.6%
Player Piano
26%
Player Piano
26%
Player Piano
26%
Ellison
24.5%
Red Dragon
24.3%
Red Dragon
24.3%
Red Dragon
24.3%
Salem's Lot
23.9%
Salem's Lot
23.9%
Salem's Lot
23.9%
Rice
22.8%
If I Ran the Zoo
21.8%
If I Ran the Zoo
21.8%
If I Ran the Zoo
21.8%
Memnoch the Devil
20.1%
Memnoch the Devil
20.1%
Memnoch the Devil
20.1%
Doctorow
19.1%
Dreiser
16.6%
Grisham
16%
Proulx
14.7%
Wright
12.5%
Geisel
11.3%
Harris
9.9%
Graves
7.7%

You're not logged in!

Compare scores with friends on all Sporcle quizzes.
Join for Free
OR
Log In

You Might Also Like...

Show Comments

Extras

Top Quizzes Today


Score Distribution

Your Account Isn't Verified!

In order to create a playlist on Sporcle, you need to verify the email address you used during registration. Go to your Sporcle Settings to finish the process.

Report this User

Report this user for behavior that violates our Community Guidelines.

Details: